01011nam a22002177a 4500999001700000003000900017008004100026040007100067082002000138100003000158245007900188260007200267300002800339505021700367650003500584650001700619650002400636942001500660945002000675952009800695 c13448d13448AR-CdUCM190415b ||||| |||| 00| 0 spa d aMUNICIPALIDAD PROVINCIAL DEL CUSCOcBIBLIOTECA MUNICIPAL DEL CUSCO aTS / 334 /bP13 aPacheco Peña, Cristobal aLa cooperativa agrícola y de servicios :bValle de Lares ltda. N° 186 / aCusco :bUniversidad nacional de San Antonio Abad del Cusco,c1979. aIII, 77 hojas ;c27 cm. aContenido: La cooperativa agrícola y de servicios del valle de Lares Ltda. N° 186 -- Situación actual de la Cooperativa agrícola y de servicios Valle de Lares Ltda. N° 186 -- Apreciación analítica ... aCooperativas agrícolas95825 aLares931561 aCusco-Perú913542 2ddccTESIS acmmd2019-04-15 002ddc4070aSCAbSCAcREFd2019-04-15g40.00oTS / 334 / P13pSCA0002578r2019-04-15yTESIS